Genealogy of Jesus - Statistics

General Stats
  • This quiz has been taken 74 times
  • The average score is 7 of 40
Answer Stats
Hint Answer % Correct
Abraham Isaac
75%
Isaac Israel
39%
Israel Judah
25%
David Solomon
25%
Matthan Jacob
21%
Asa Jehosephat
21%
Jacob Joseph
21%
Solomon Rehoboam
21%
Nashon Salmon
21%
Manasseh Amon
18%
Salmon Boaz
18%
Jesse David
18%
Eliud Eleazer
18%
Abiud Eliakim
18%
Akim Eliud
18%
Ahaz Hezekiah
18%
Josiah Jehoiachin
18%
Obed Jesse
18%
Joseph Jesus
18%
Eleazer Matthan
18%
Boaz Obed
18%
Judah Perez
18%
Shealtiel Zerubbabel
18%
Zerubbabel Abiud
14%
Zadok Akim
14%
Aram Amminadab
14%
Abijah Asa
14%
Eliakim Azor
14%
Perez Hezron
14%
Amon Josiah
14%
Hezekiah Manasseh
14%
Amminadab Nashon
14%
Azor Zadok
14%
Rehoboam Abijah
11%
Jotham Ahaz
11%
Hezron Aram
11%
Jehosephat Joram
11%
Uzziah Jotham
11%
Jehoiachin Shealtiel
11%
Joram Uzziah
11%
No matching quizzes found
Score Distribution
Percent of People with Each Score
Percentile by Number Answered
Your Score History
You have not taken this quiz